Movies on the Move Quiz Stats

 Plays Quiz Updated Jul 17, 2015

Challenge
Share
Tweet
Embed
Score 0/35 Timer 04:00
2 Plays Today
% Correct
Coming
96.8%
Trek
96.8%
Dancing
96.5%
Gone
96.5%
Go
96.4%
Flew
95.7%
Walking
95.5%
Crouching
94.8%
Travels
94.8%
Bound
94.1%
Jump
93.9%
Runs
93.6%
Driving
93.4%
Walk
92.9%
Leap
92.8%
Leaving
92.4%
March
91.7%
Traveling
91.5%
% Correct
Journey
91.3%
Roam
89.5%
Quest
89.4%
Speed
89.1%
Trot
87.6%
Racing
87.4%
Skip
86.7%
Fall
86%
Flying
85.9%
Paddle
84.4%
Falling
83.8%
Step
83.2%
Streak
80.7%
Voyage
80.5%
Ride
78.9%
Rush
78.5%
Charge
77.2%

You're not logged in!

Compare scores with friends on all Sporcle quizzes.
OR
Log In

You Might Also Like...

Show Comments

Extras

Top Quizzes Today


Score Distribution

Your Account Isn't Verified!

In order to create a playlist on Sporcle, you need to verify the email address you used during registration. Go to your Sporcle Settings to finish the process.

Report this User

Report this user for behavior that violates our Community Guidelines.

Details: